Lego The Simpsons Minifigures - Statistics

General Stats
  • This quiz has been taken 73 times
    38 since last reset
  • The average score is 23 of 30
Answer Stats
Picture Answer % Correct
Apu Nahasapeemapetilon
100%
Bart Simpson
100%
Homer Simpson
100%
Lisa Simpson
100%
Maggie Simpson
100%
Marge Simpson
100%
Ned Flanders
100%
Krusty the Clown
89%
Mr Burns
89%
Itchy
83%
Ralph Wiggum
83%
Scratchy
83%
Chief Wiggum
78%
Milhouse
78%
Nelson Muntz
78%
Sideshow Bob
78%
Comic Book Guy
72%
Grampa Simpson
72%
Groundskeeper Willie
72%
Patty Bouvier
72%
Selma Bouvier
72%
Snake
72%
Edna Krabappel
67%
Waylon Smithers
67%
Hans Moleman
61%
Martin Prince
61%
Professor Frink
56%
Dr. Hibbert
50%
Officer Lou
39%
Squeaky Voiced Teen
28%
No matching quizzes found
Score Distribution
Percent of People with Each Score
Percentile by Number Answered
Your Score History
You have not taken this quiz since the last reset